Normal view
MARC view
- SANFORD, J. R
Entry Personal Name
001 - CONTROL NUMBER
- control field: 67930
003 - CONTROL NUMBER IDENTIFIER
- control field: NUST
005 - DATE AND TIME OF LATEST TRANSACTION
- control field: 20210628203936.0
008 - FIXED-LENGTH DATA ELEMENTS
- fixed length control field: 210628|| aca||aabn | a|a d
040 ## - CATALOGING SOURCE
- Original cataloging agency: NUST
- Transcribing agency: NUST
100 ## - HEADING--PERSONAL NAME
- Personal name: SANFORD, J. R
670 ## - SOURCE DATA FOUND
- Source citation: Work cat.: (NUST): SANFORD, J. R, PROCEEDING OF THE XXVI INTERNATIONAL CONFERENCE ON HIGH ENERGY PHYSICS , AUGUST 6-12, 1992 DALLES TEXAS, 1993
